[Event "15th HZ Open"]
[Site "Vlissingen NED"]
[Date "2011.07.31"]
[Round "2"]
[White "Bolleman, Erik"]
[Black "Van Eijk, Sander"]
[Result "1/2-1/2"]
[BlackTitle "FM"]
[WhiteElo "2042"]
[BlackElo "2380"]
[WhiteFideId "1016172"]
[BlackFideId "1011510"]
[EventDate "2011.07.30"]

1. d4 e6 2. c4 Nf6 3. Nc3 Bb4 4. Bd2 c5 5. e3 cxd4 6. exd4 O-O 7. Nf3 d5 8. a3
Be7 9. cxd5 Nxd5 10. Bd3 Nc6 11. Qc2 h6 12. Nxd5 exd5 13. h3 Bf6 14. Be3 Qb6 15.
Rd1 Kh8 16. Be2 Be6 17. O-O Qd8 18. Qd2 Bf5 19. Ne5 Rc8 20. Bg4 Ne7 21. Rc1 Bxg4
22. Nxg4 Rxc1 23. Rxc1 Nf5 24. Ne5 Kg8 25. Qd3 Nd6 26. Qb3 Bxe5 27. dxe5 Nc4 28.
Qxb7 a5 29. Rd1 Nxe3 30. fxe3 Qg5 31. Rxd5 Qxe3+ 32. Kh2 Qf4+ 33. Kh1 Qc1+ 34.
Kh2 Rc8 35. Rd4 Re8 36. Qb5 Re6 37. Qxa5 Qxb2 38. Qa8+ Kh7 39. Qe4+ g6 40. a4
Qb8 41. Rd7 Kg7 42. Qf4 Qe8 43. Qd4 Kh7 44. a5 Ra6 45. Qd5 Rxa5 46. Rxf7+ Kg8
47. Qxa5 Qxf7 48. Qa8+ Kg7 49. Qe4 Qe7 50. Qf4 Qe6 51. h4 Qe7 52. g3 Qe6 53. Qe4 1/2-1/2

[Event "15th HZ Open"]
[Site "Vlissingen NED"]
[Date "2011.07.31"]
[Round "2"]
[White "De Jong, Migchiel"]
[Black "Hylkema, Remco"]
[Result "1-0"]
[WhiteTitle "IM"]
[WhiteElo "2376"]
[BlackElo "2039"]
[WhiteFideId "1002848"]
[BlackFideId "1018302"]
[EventDate "2011.07.30"]

1. e4 c5 2. Nf3 e6 3. d4 cxd4 4. Nxd4 a6 5. Nc3 b5 6. Bd3 Qb6 7. Nf3 Nc6 8. O-O
Qb8 9. Re1 Bb7 10. e5 d5 11. Bf4 h6 12. Bg3 Qd8 13. a4 b4 14. Ne2 Bc5 15. Nf4
Qd7 16. Qe2 Nge7 17. Nh5 Kf8 18. Nh4 Bd4 19. Rab1 g6 20. Nf6 Qc8 21. Nf3 Bb6 22.
c3 a5 23. Rec1 Qd8 24. h4 Nf5 25. Bxf5 gxf5 26. Bf4 Ke7 27. Qd2 Bc7 28. cxb4
axb4 29. Rxc6 Bxc6 30. Qxb4+ Bd6 31. exd6+ Kxf6 32. Qc3+ 1-0

[Event "15th HZ Open"]
[Site "Vlissingen NED"]
[Date "2011.07.31"]
[Round "2"]
[White "Greis, Bernhard"]
[Black "Kuipers, Stefan"]
[Result "0-1"]
[BlackTitle "FM"]
[WhiteElo "2033"]
[BlackElo "2365"]
[WhiteFideId "24645745"]
[BlackFideId "1018400"]
[EventDate "2011.07.30"]

1. d4 d5 2. Bf4 Nf6 3. e3 c5 4. Nc3 e6 5. Nb5 Na6 6. c3 Be7 7. dxc5 Bxc5 8. Bd3
O-O 9. Nf3 Bd7 10. O-O Be7 11. b4 Bxb5 12. Bxb5 Ne4 13. Rc1 Rc8 14. Qd3 Nb8 15.
c4 Bxb4 16. Bxb8 Rxb8 17. a3 Nc5 0-1

[Event "15th HZ Open"]
[Site "Vlissingen NED"]
[Date "2011.07.31"]
[Round "2"]
[White "Bezemer, Arno"]
[Black "Boerkamp, Harrie"]
[Result "1-0"]
[WhiteTitle "FM"]
[WhiteElo "2348"]
[BlackElo "2030"]
[WhiteFideId "1001396"]
[BlackFideId "1041002"]
[EventDate "2011.07.30"]

1. e4 g6 2. d4 Bg7 3. Nf3 d6 4. Bc4 e6 5. O-O Ne7 6. Re1 b6 7. Bf1 Bb7 8. c4 Nd7
9. Nc3 c6 10. Bf4 Qc7 11. c5 e5 12. cxd6 Qxd6 13. dxe5 Qxd1 14. Raxd1 Rd8 15.
Bc4 Rf8 16. Bg3 Nc5 17. Rxd8+ Kxd8 18. Ng5 1-0

[Event "15th HZ Open"]
[Site "Vlissingen NED"]
[Date "2011.07.31"]
[Round "2"]
[White "Eisenbeiser, Karlheinz"]
[Black "Dahm, Jochen"]
[Result "1/2-1/2"]
[BlackTitle "FM"]
[WhiteElo "2017"]
[BlackElo "2345"]
[WhiteFideId "4653360"]
[BlackFideId "4659350"]
[EventDate "2011.07.30"]

1. Nf3 c5 2. b3 Nf6 3. Bb2 b6 4. e3 Bb7 5. g3 e6 6. Bg2 Be7 7. O-O O-O 8. d4 d6
9. c4 Nbd7 10. Nc3 cxd4 11. Nxd4 Bxg2 12. Kxg2 Qc7 13. e4 Qb7 14. f3 a6 15. Nc2
b5 16. Ne3 Ne5 17. cxb5 axb5 18. Qe2 b4 19. Na4 Ng6 20. Rac1 Rfd8 21. Rfd1 Ne8
22. Rd2 Bg5 23. Rcd1 Ne7 24. h4 Bh6 25. Rc2 Bxe3 26. Qxe3 Rdc8 27. Rdc1 d5 28.
Kh2 Rxc2+ 29. Rxc2 dxe4 30. fxe4 Rd8 31. Re2 Qb5 32. Rd2 Rxd2+ 33. Qxd2 f5 34.
exf5 Nxf5 35. Qe1 Kf7 36. g4 Nh6 37. g5 Ng4+ 38. Kg3 Qf5 39. Qxb4 Ne3 40. Qf4
Nf1+ 41. Kf3 Nh2+ 1/2-1/2

[Event "15th HZ Open"]
[Site "Vlissingen NED"]
[Date "2011.07.31"]
[Round "2"]
[White "Vishnu Prasanna. V"]
[Black "Etxagibel Larranaga, Asier"]
[Result "1-0"]
[WhiteTitle "IM"]
[WhiteElo "2340"]
[BlackElo "2017"]
[WhiteFideId "5030692"]
[BlackFideId "2204797"]
[EventDate "2011.07.30"]

1. e4 c5 2. Nf3 d6 3. d4 cxd4 4. Nxd4 Nf6 5. Nc3 g6 6. Be3 Bg7 7. f3 a6 8. Qd2
Nbd7 9. g4 h6 10. h4 h5 11. g5 Nh7 12. O-O-O b5 13. f4 Bb7 14. f5 Nhf8 15. a3
Rc8 16. f6 exf6 17. Ndxb5 axb5 18. Nxb5 Rc6 19. Nxd6+ Rxd6 20. Qxd6 Qe7 21. Bb5
Qxd6 22. Rxd6 fxg5 23. Rhd1 Bc8 24. Rc6 Kd8 25. Bb6+ Ke7 26. Rxc8 Nxb6 27. Re8+
Kf6 28. Rf1# 1-0

[Event "15th HZ Open"]
[Site "Vlissingen NED"]
[Date "2011.07.31"]
[Round "2"]
[White "Van Midde, Jon"]
[Black "Afek, Yochanan"]
[Result "0-1"]
[BlackTitle "IM"]
[WhiteElo "1993"]
[BlackElo "2298"]
[WhiteFideId "1013033"]
[BlackFideId "2800462"]
[EventDate "2011.07.30"]

1. e4 c5 2. Nf3 Nc6 3. d4 cxd4 4. Nxd4 g6 5. c4 Bg7 6. Be3 Nf6 7. Nc3 O-O 8. Be2
d6 9. f3 Bd7 10. O-O Qb6 11. Na4 Qa5 12. Nc3 Rfc8 13. Rc1 Nxd4 14. Bxd4 Be6 15.
b3 Nd7 16. Bxg7 Kxg7 17. Qd4+ Kg8 18. Kh1 Qc5 19. Qd2 Qa5 20. f4 f6 21. Qe1 Kg7
22. Bf3 Rab8 23. Qe3 a6 24. Rf2 b5 25. Nd5 Kf8 26. e5 Bxd5 27. Bxd5 Qb6 28. Qd2
bxc4 29. bxc4 f5 30. exd6 Qxd6 31. Re2 Nf6 32. Rce1 Nxd5 33. cxd5 Rc7 34. Re6
Qb4 35. Qxb4 Rxb4 36. Rxa6 Rxf4 37. d6 exd6 38. Rxd6 Rf2 39. a4 Ra2 40. Ra6 Rcc2
41. Rg1 Kg7 42. h4 Rc4 43. g3 Rcc2 44. Re1 Kh6 45. Ra7 Kh5 0-1

[Event "15th HZ Open"]
[Site "Vlissingen NED"]
[Date "2011.07.31"]
[Round "2"]
[White "Provoost, Simon"]
[Black "Oosterman, Maarten-Jan"]
[Result "1-0"]
[WhiteElo "2295"]
[BlackElo "1992"]
[WhiteFideId "1016334"]
[BlackFideId "1025929"]
[EventDate "2011.07.30"]

1. c4 e5 2. g3 Nc6 3. Bg2 Nf6 4. Nc3 Be7 5. Nf3 O-O 6. O-O d6 7. d4 exd4 8. Nxd4
Bd7 9. Nc2 Rb8 10. b3 Re8 11. Bb2 Bf8 12. Nd5 Nxd5 13. cxd5 Ne5 14. f4 Ng4 15.
e4 c6 16. dxc6 bxc6 17. h3 Nf6 18. Re1 d5 19. exd5 Rxe1+ 20. Qxe1 cxd5 21. Kh2
Qb6 22. Qd2 Bf5 23. Ne3 Bb4 24. Qd4 Bc5 25. Qe5 Bxe3 26. Qxf5 Bd4 27. Bxd4 Qxd4
28. Rc1 g6 29. Qe5 Qxe5 30. fxe5 Ne4 31. Rd1 Nc3 32. Rd2 Re8 33. Bxd5 Rxe5 34.
Bc4 Re7 35. a4 Kg7 36. a5 f5 37. a6 Rc7 38. Rd8 Ne4 39. Rb8 Nd6 40. Bd5 Rc2+ 41.
Kg1 Kf6 42. b4 Rb2 43. Bc6 Ke5 44. b5 Nc4 45. Rb7 Na5 46. Rxa7 Nxc6 47. bxc6 Kd6
48. Rxh7 Kxc6 49. Rh6 Kd5 50. Rxg6 Ke4 51. h4 Kf3 52. h5 Ra2 53. h6 Rg2+ 54. Kh1
Ra2 55. h7 Ra1+ 56. Kh2 Ra2+ 57. Kh3 Ra1 58. Kh4 Rh1+ 59. Kg5 Rxh7 60. Kxf5 Rf7+
61. Ke5 Ra7 62. g4 Kg3 63. Kd5 1-0

[Event "15th HZ Open"]
[Site "Vlissingen NED"]
[Date "2011.07.31"]
[Round "2"]
[White "Roessler, Wolfgang"]
[Black "Van Dooren, Dirk"]
[Result "0-1"]
[BlackTitle "FM"]
[WhiteElo "1992"]
[BlackElo "2290"]
[WhiteFideId "24624390"]
[BlackFideId "1015761"]
[EventDate "2011.07.30"]

1. e4 e5 2. f4 Nc6 3. Nf3 f5 4. exf5 e4 5. Ne5 Nf6 6. d4 d6 7. Nxc6 bxc6 8. Be2
Bxf5 9. O-O h5 10. c4 d5 11. Nc3 Kf7 12. Qa4 Qd6 13. Be3 Be7 14. Rac1 Rab8 15.
cxd5 cxd5 16. Nb5 Qb6 17. Qxa7 Qxa7 18. Nxa7 Rxb2 19. Rf2 Ra8 20. Nc6 Raxa2 21.
Nxe7 Kxe7 22. Bd1 Kd6 23. Rxb2 Rxb2 24. h3 Ra2 25. Rb1 c6 26. Bb3 Re2 27. Bc1 e3
28. Ba3+ Kd7 29. Rc1 Be4 30. Ba4 Rxg2+ 31. Kf1 e2+ 32. Ke1 Bd3 33. Bxc6+ Kd8 34.
Kd2 e1=Q+ 35. Kxe1 Ne4 0-1

[Event "15th HZ Open"]
[Site "Vlissingen NED"]
[Date "2011.07.31"]
[Round "2"]
[White "Admiraal, Miguoel"]
[Black "Van De Poel, Taco"]
[Result "1-0"]
[WhiteElo "2246"]
[BlackElo "1992"]
[WhiteFideId "1019716"]
[BlackFideId "1020102"]
[EventDate "2011.07.30"]

1. Nf3 Nf6 2. g3 b5 3. Bg2 Bb7 4. O-O c5 5. b3 d5 6. Bb2 e6 7. c4 a6 8. cxd5
Bxd5 9. d3 Be7 10. Nbd2 O-O 11. Rc1 Nbd7 12. Rc2 Qb6 13. Qa1 Rac8 14. Rfc1 Qb7
15. e4 Bc6 16. b4 Qb6 17. bxc5 Nxc5 18. Bd4 Bb7 19. Ne5 Rc7 20. Nb3 Rfc8 21. Qb1
Bf8 22. Bf1 Ba8 23. Nxc5 Bxc5 24. Rxc5 Rxc5 25. Rxc5 Rxc5 26. Qb4 Rc4 27. Qxc4
bxc4 28. Bxb6 1-0

[Event "15th HZ Open"]
[Site "Vlissingen NED"]
[Date "2011.07.31"]
[Round "2"]
[White "Ducarmon, Renzo"]
[Black "Bus, Tom"]
[Result "0-1"]
[WhiteElo "1990"]
[BlackElo "2237"]
[WhiteFideId "1002279"]
[BlackFideId "1014374"]
[EventDate "2011.07.30"]

1. e4 c5 2. Nf3 Nc6 3. d4 cxd4 4. Nxd4 Nf6 5. Nc3 d6 6. Bc4 Na5 7. Be2 e6 8. O-O
a6 9. f4 Qc7 10. Be3 b5 11. a3 Bb7 12. Bf3 Nc4 13. Bc1 h5 14. Qe1 Rc8 15. f5 Qc5
16. Qf2 e5 17. Nb3 Qc7 18. Nd2 Nb6 19. Nb3 Nc4 20. Nd2 d5 21. Nxc4 dxe4 22. Nxe5
Qxe5 23. Be2 Bc5 24. Be3 Ke7 25. Rae1 Rhd8 26. Bf3 Bxe3 27. Rxe3 Rd4 28. Rfe1
Kf8 29. Qh4 exf3 0-1

[Event "15th HZ Open"]
[Site "Vlissingen NED"]
[Date "2011.07.31"]
[Round "2"]
[White "Tiggelman, Rene"]
[Black "Armstrong, Malcolm J"]
[Result "0-1"]
[WhiteElo "2233"]
[BlackElo "1988"]
[WhiteFideId "1006185"]
[BlackFideId "409049"]
[EventDate "2011.07.30"]

1. d4 Nf6 2. Nf3 c5 3. d5 d6 4. Nc3 e5 5. dxe6 Bxe6 6. e4 Nc6 7. Bg5 Be7 8. Qd2
a6 9. a4 O-O 10. Be2 Qc7 11. O-O Rad8 12. Nd5 Bxd5 13. exd5 Ne4 14. Qe3 Nxg5 15.
dxc6 Nxf3+ 16. Qxf3 bxc6 17. Bxa6 d5 18. Be2 Bf6 19. Ra2 Rfe8 20. Rd1 Re6 21. g3
Rde8 22. Bf1 Bd4 23. Rd2 Rf6 24. Qd3 Qd7 25. c3 Be5 26. Re2 c4 27. Qc2 Bb8 28.
Rxe8+ Qxe8 29. b3 Ba7 30. Qe2 Bxf2+ 31. Kg2 Be3 32. bxc4 Qe4+ 0-1

[Event "15th HZ Open"]
[Site "Vlissingen NED"]
[Date "2011.07.31"]
[Round "2"]
[White "Laarhoven, Thijs"]
[Black "Kok, Ivo"]
[Result "1/2-1/2"]
[WhiteElo "2228"]
[BlackElo "1985"]
[WhiteFideId "1021265"]
[BlackFideId "1022024"]
[EventDate "2011.07.30"]

1. e4 d5 2. exd5 Nf6 3. Nc3 Nxd5 4. Bc4 Nb6 5. Bb3 c5 6. d3 Nc6 7. Nf3 Bf5 8.
O-O e6 9. Bg5 Be7 10. Bxe7 Qxe7 11. Re1 O-O 12. Qc1 h6 13. Nd5 Nxd5 14. Bxd5 Nb4
15. Be4 Bxe4 16. Rxe4 Rfd8 17. a3 Nc6 18. Qf4 Rd5 19. Rae1 Rad8 20. g3 b6 21.
Ne5 Nxe5 22. Rxe5 Qd6 23. Rxd5 Qxd5 24. b3 Rd7 25. Re4 Kh7 26. a4 Qh5 27. Kg2
Qd5 28. Qe5 Kg6 29. Qxd5 exd5 30. Re5 Kf6 31. f4 Re7 32. Rxe7 Kxe7 33. Kf3 Ke6
34. Ke3 d4+ 35. Ke4 f5+ 36. Kf3 Kf6 37. h3 g6 38. Kf2 Kf7 39. Kf3 Kf6 40. Kf2
Kf7 41. Kf3 1/2-1/2

[Event "15th HZ Open"]
[Site "Vlissingen NED"]
[Date "2011.07.31"]
[Round "2"]
[White "Driessen, Wim"]
[Black "Heltzel, Joost"]
[Result "0-1"]
[BlackTitle "CM"]
[WhiteElo "1985"]
[BlackElo "2225"]
[WhiteFideId "1024990"]
[BlackFideId "1010522"]
[EventDate "2011.07.30"]

1. e4 c5 2. Nc3 g6 3. g3 Bg7 4. Bg2 Nc6 5. d3 d6 6. f4 Nf6 7. Nf3 Bg4 8. h3 Bxf3
9. Bxf3 Nd7 10. O-O O-O 11. Kh2 Rb8 12. Be3 Nd4 13. Qd2 b5 14. Nd1 Nxf3+ 15.
Rxf3 f5 16. c3 Kh8 17. Bg1 b4 18. Re3 e5 19. Re2 exf4 20. gxf4 fxe4 21. dxe4
Rxf4 22. Bf2 Be5 23. Bg3 Rf3 24. Bxe5+ Nxe5 25. Qe1 Rxc3 26. Qf1 Rf3 27. Rf2 Qf6
28. Rxf3 Nxf3+ 0-1

[Event "15th HZ Open"]
[Site "Vlissingen NED"]
[Date "2011.07.31"]
[Round "2"]
[White "In't Veld, Daan"]
[Black "Koes, Richard"]
[Result "1-0"]
[WhiteElo "2224"]
[BlackElo "1966"]
[WhiteFideId "1016270"]
[BlackFideId "1020528"]
[EventDate "2011.07.30"]

1. e4 e5 2. Nf3 Nc6 3. d4 exd4 4. Nxd4 Nf6 5. Nxc6 bxc6 6. e5 Qe7 7. Qe2 Nd5 8.
c4 Ba6 9. Qe4 Nf6 10. Qe2 Nd5 11. g3 f6 12. e6 dxe6 13. Qe4 Nb6 14. Qxc6+ Qd7
15. Bg2 Bb4+ 16. Bd2 Bxd2+ 17. Nxd2 O-O-O 18. Qxd7+ Rxd7 19. Rc1 Rhd8 20. Rc2
Rd4 21. b3 Bb7 22. Bxb7+ Kxb7 23. h4 Nd7 24. Nf3 Re4+ 25. Re2 Nc5 26. h5 Rd3 27.
Rxe4 Nxe4 28. Ke2 Rc3 29. h6 g5 30. Rd1 f5 31. Ne1 g4 32. Rd7 Rc1 33. Rxh7 Ra1
34. Rxc7+ Kxc7 35. h7 Rxa2+ 36. Ke3 Nxg3 37. h8=Q Nf1+ 38. Kd4 Rxf2 39. Qg7+ Kc6
40. Nd3 Rd2 41. Kc3 a5 42. b4 axb4+ 43. Nxb4+ Kb6 44. c5+ Kb5 45. Qb7+ 1-0

[Event "15th HZ Open"]
[Site "Vlissingen NED"]
[Date "2011.07.31"]
[Round "2"]
[White "Colijn, Erik-Jan"]
[Black "Haast, Anne"]
[Result "0-1"]
[BlackTitle "WIM"]
[WhiteElo "1961"]
[BlackElo "2223"]
[WhiteFideId "1024760"]
[BlackFideId "1017292"]
[EventDate "2011.07.30"]

1. e4 c5 2. a3 g6 3. b4 Bg7 4. Nc3 b6 5. Rb1 Nc6 6. Nf3 Nf6 7. b5 Nd4 8. Bb2 Bb7
9. d3 O-O 10. Nxd4 cxd4 11. Ne2 e5 12. Ng3 d5 13. f3 Nd7 14. Be2 Rc8 15. Qd2 Qh4
16. Bc1 f5 17. exd5 f4 0-1

[Event "15th HZ Open"]
[Site "Vlissingen NED"]
[Date "2011.07.31"]
[Round "2"]
[White "Onrust, Benny"]
[Black "Hamelink, Desiree"]
[Result "0-1"]
[BlackTitle "WIM"]
[WhiteElo "1957"]
[BlackElo "2220"]
[WhiteFideId "1025902"]
[BlackFideId "1006258"]
[EventDate "2011.07.30"]

1. e4 c5 2. d4 cxd4 3. c3 dxc3 4. Nxc3 Nc6 5. Nf3 e6 6. Bf4 a6 7. Bc4 Nf6 8. O-O
Be7 9. Qe2 O-O 10. Rfd1 b5 11. Bb3 Bb7 12. Rac1 Rc8 13. e5 Nh5 14. Be3 g6 15.
Bh6 Re8 16. Ne4 Na5 17. Bc2 Nc4 18. g4 Ng7 19. b3 Na3 20. Bg5 Rxc2 21. Rxc2 Bxe4
22. Bxe7 Qa8 23. Bxa3 Bxf3 24. Qd2 Bxd1 25. Qxd1 Qe4 26. Qe2 Qxe2 27. Rxe2 Rc8
28. Rd2 Rc7 29. Kg2 g5 30. Bb4 Ne8 31. Ba5 Rb7 32. Rc2 f6 33. Bd2 fxe5 34. Bxg5
Kf7 35. h4 Rc7 36. Re2 d6 37. f4 exf4 38. Bxf4 e5 39. Bg3 Ke6 40. b4 Rc4 0-1

[Event "15th HZ Open"]
[Site "Vlissingen NED"]
[Date "2011.07.31"]
[Round "2"]
[White "Plug, Arjan"]
[Black "Meurs, Tom"]
[Result "0-1"]
[WhiteElo "1943"]
[BlackElo "2217"]
[WhiteFideId "1011600"]
[BlackFideId "1021176"]
[EventDate "2011.07.30"]

1. e4 e5 2. d4 exd4 3. Qxd4 Nc6 4. Qe3 Nf6 5. Nc3 d6 6. Bd2 Be7 7. f3 d5 8. exd5
Nxd5 9. Qe4 Nf6 10. Qe3 O-O 11. O-O-O Re8 12. Qf2 a6 13. h4 Be6 14. Nh3 Nd7 15.
Ng5 Nf8 16. f4 Bg4 17. Bc4 Bxg5 18. fxg5 Ne6 19. g6 hxg6 20. Bg5 Qc8 21. Rdf1
Ne5 22. Bb3 c5 23. Bd5 Qd7 24. Qg3 Nd4 25. Re1 Nec6 26. Rhf1 Rxe1+ 27. Rxe1 Bf5
28. h5 Re8 29. Rxe8+ Qxe8 30. hxg6 Bxg6 31. Bd2 Nb4 32. Bb3 Nbxc2 33. Qc7 Nxb3+
34. axb3 Nd4 35. Qxb7 Bf5 36. Qxa6 Nxb3+ 37. Kd1 Bg4+ 38. Ne2 Nd4 0-1

[Event "15th HZ Open"]
[Site "Vlissingen NED"]
[Date "2011.07.31"]
[Round "2"]
[White "Colijn, Stefan"]
[Black "Sparreboom, Wil"]
[Result "1-0"]
[WhiteElo "2207"]
[BlackElo "1948"]
[WhiteFideId "1016199"]
[BlackFideId "1003836"]
[EventDate "2011.07.30"]

1. e4 e6 2. d4 d5 3. Bd3 Nf6 4. e5 Nfd7 5. Nf3 c5 6. c3 Nc6 7. O-O Be7 8. Nbd2
Qb6 9. a3 cxd4 10. cxd4 Nxd4 11. Nxd4 Qxd4 12. Nf3 Qb6 13. Qa4 Qd8 14. Qg4 g6
15. h4 Nc5 16. Bc2 Bd7 17. Bh6 Ne4 18. Bxe4 dxe4 19. Ng5 Bc6 20. Qf4 Bxg5 21.
Bxg5 Qc7 22. Qf6 Rg8 23. Rfd1 Bd5 24. Rac1 Qd8 25. Qf4 Qd7 26. Rc5 Rc8 27. Qc1
Rc6 28. b4 Qc7 29. Rxc6 bxc6 30. b5 h5 31. bxc6 f5 32. Qc5 Rg7 33. Rxd5 exd5 34.
Qxd5 Rf7 35. e6 Re7 36. Qd4 Rg7 37. Bf6 Kf8 38. Bxg7+ 1-0

[Event "15th HZ Open"]
[Site "Vlissingen NED"]
[Date "2011.07.31"]
[Round "2"]
[White "Aben, Paul"]
[Black "Duchene, Rene"]
[Result "1-0"]
[WhiteElo "1939"]
[BlackElo "2206"]
[WhiteFideId "1029495"]
[BlackFideId "1006304"]
[EventDate "2011.07.30"]

1. c4 g6 2. g3 Bg7 3. Bg2 c5 4. Nc3 Nc6 5. e4 e6 6. Nge2 Nge7 7. O-O O-O 8. d3
d6 9. Be3 Nd4 10. Rb1 Nec6 11. a3 a5 12. f4 Bd7 13. Kh1 Rb8 14. Bg1 Nxe2 15.
Nxe2 Qc7 16. f5 Rfe8 17. f6 Bf8 18. Be3 h6 19. Nf4 Ne5 20. h4 Kh7 21. g4 b5 22.
g5 bxc4 23. h5 cxd3 24. hxg6+ fxg6 25. gxh6 Bxh6 26. Qe1 Rh8 27. Qh4 g5 28. Qh2
gxf4 29. Rxf4 Nf7 30. Rh4 Kg6 31. Rg1 Bc6 1-0

[Event "15th HZ Open"]
[Site "Vlissingen NED"]
[Date "2011.07.31"]
[Round "2"]
[White "Ten Hagen, Yorick"]
[Black "Albrecht, Alex"]
[Result "1-0"]
[WhiteElo "2189"]
[BlackElo "1939"]
[WhiteFideId "1020072"]
[BlackFideId "1013580"]
[EventDate "2011.07.30"]

1. d4 Nf6 2. c4 e6 3. g3 d5 4. Nf3 Nbd7 5. Bg2 Ne4 6. O-O f5 7. Nc3 Ndf6 8. Nd2
c6 9. Ndxe4 fxe4 10. f3 exf3 11. Bxf3 Bb4 12. e4 Bxc3 13. bxc3 O-O 14. Ba3 Rf7
15. e5 Nd7 16. cxd5 cxd5 17. Bh5 Rxf1+ 18. Qxf1 g6 19. Qf4 gxh5 20. Rf1 Qe8 21.
Qg5+ Kh8 1-0

[Event "15th HZ Open"]
[Site "Vlissingen NED"]
[Date "2011.07.31"]
[Round "2"]
[White "Smits, Sebastiaan"]
[Black "Donkers, Joran"]
[Result "1-0"]
[WhiteElo "2180"]
[BlackElo "1934"]
[WhiteFideId "1019384"]
[BlackFideId "1034766"]
[EventDate "2011.07.30"]

1. e4 e6 2. d3 d5 3. Qe2 Be7 4. Nf3 c5 5. g3 Nc6 6. Bg2 Qc7 7. O-O Nf6 8. Re1 b6
9. e5 Nd7 10. c4 d4 11. Bf4 Bb7 12. h4 h6 13. Nbd2 O-O-O 14. Ne4 Ncxe5 15. Nxe5
Nxe5 16. Nxc5 Bxg2 17. Kxg2 bxc5 18. Bxe5 Bd6 19. Bxg7 Rhg8 20. Be5 Kd7 21. Bxd6
Qxd6 22. Qf3 Qc6 23. Qxc6+ Kxc6 24. Re5 Kd6 25. Rae1 Rb8 26. R1e2 Rg6 27. h5 Rg7
28. Kh3 Re8 29. b4 cxb4 30. Rb5 Rg5 31. Rxg5 hxg5 32. Kg4 Rg8 33. h6 f6 34. Kh5
e5 35. h7 Rc8 36. Kg6 Ke6 37. f3 a5 38. Rh2 g4 39. fxg4 1-0

[Event "15th HZ Open"]
[Site "Vlissingen NED"]
[Date "2011.07.31"]
[Round "2"]
[White "Rogmans, Jelle"]
[Black "Nieuwelink, Kees"]
[Result "1-0"]
[WhiteElo "1933"]
[BlackElo "2177"]
[WhiteFideId "209821"]
[BlackFideId "1003216"]
[EventDate "2011.07.30"]

1. Nc3 e5 2. Nf3 d6 3. d4 Nd7 4. e4 Ngf6 5. Bc4 Be7 6. Ng5 O-O 7. Bxf7+ Rxf7 8.
Ne6 Qe8 9. Nxc7 Qd8 10. Nxa8 b6 11. dxe5 dxe5 12. Nxb6 Qxb6 13. O-O Ba6 14. Re1
Ng4 15. Be3 Nxe3 16. Rxe3 Bc5 17. Na4 Qf6 18. Rf3 Bxf2+ 19. Kxf2 1-0

[Event "15th HZ Open"]
[Site "Vlissingen NED"]
[Date "2011.07.31"]
[Round "2"]
[White "Bijlsma, Nick"]
[Black "Arana Garate, Jon"]
[Result "1/2-1/2"]
[WhiteElo "2174"]
[BlackElo "1928"]
[WhiteFideId "1007041"]
[BlackFideId "22200622"]
[EventDate "2011.07.30"]

1. e4 d6 2. d4 Nf6 3. Nc3 g6 4. Be3 c6 5. Qd2 Qa5 6. f3 Nbd7 7. O-O-O b5 8. Kb1
Nb6 9. Nd5 Qxd2 10. Nxf6+ exf6 11. Bxd2 Nc4 12. Bc1 Bd7 13. f4 Be7 14. Bd3 d5
15. exd5 cxd5 16. Re1 Nd6 17. Nf3 Kd8 18. h3 h5 19. Bd2 a5 20. g4 Bc6 21. Be3 b4
22. f5 Ne4 23. Nd2 Kd7 24. Nxe4 dxe4 25. Bc4 Rh7 26. Rhg1 hxg4 27. hxg4 Rah8 28.
d5 Bb7 29. Bb6 Bd8 30. Bc5 Bc7 31. d6 Kc6 32. Bd4 Bxd6 33. Bxf6 Re8 34. Bg5 Bc5
35. Rgf1 Bd4 36. fxg6 fxg6 37. Bf7 Rxf7 38. Rxf7 e3 39. c3 bxc3 40. bxc3 Bc5 41.
Bf6 e2 42. Bd4 Bf8 43. Rf2 Ba6 44. Rf6+ Bd6 45. Kc2 Rf8 46. Rxf8 Bxf8 47. Kd2
Bh6+ 48. Be3 Bg7 49. Rb1 Bc4 50. Bf2 Bh6+ 51. Ke1 Bd3 52. Rb2 Kd5 53. Rxe2 Bxe2
54. Kxe2 Kc4 55. Bd4 a4 56. Bf6 Bc1 57. Kd1 Be3 58. Kc2 Bf4 59. Kb2 Bd6 60. Kc2 1/2-1/2

[Event "15th HZ Open"]
[Site "Vlissingen NED"]
[Date "2011.07.31"]
[Round "3"]
[White "Landa, Konstantin"]
[Black "Provoost, Simon"]
[Result "1-0"]
[WhiteTitle "GM"]
[WhiteElo "2628"]
[BlackElo "2295"]
[WhiteFideId "4101685"]
[BlackFideId "1016334"]
[EventDate "2011.07.30"]

1. d4 f5 2. c4 Nf6 3. g3 e6 4. Bg2 Be7 5. Nh3 O-O 6. O-O d6 7. Nc3 e5 8. b3 Qe8
9. Ba3 Nc6 10. e3 h6 11. Nb5 Bd8 12. dxe5 Nxe5 13. Nf4 a6 14. Nc3 Rb8 15. c5
dxc5 16. Bxc5 Rf7 17. Ba7 Ra8 18. Bd4 c6 19. Bxe5 Rd7 20. Nd3 1-0

[Event "15th HZ Open"]
[Site "Vlissingen NED"]
[Date "2011.07.31"]
[Round "3"]
[White "Afek, Yochanan"]
[Black "Smeets, Jan"]
[Result "0-1"]
[WhiteTitle "IM"]
[BlackTitle "GM"]
[WhiteElo "2298"]
[BlackElo "2628"]
[WhiteFideId "2800462"]
[BlackFideId "1007246"]
[EventDate "2011.07.30"]

1. e4 c5 2. c3 d5 3. exd5 Qxd5 4. d4 g6 5. Be3 cxd4 6. Nf3 Nf6 7. cxd4 Bg7 8.
Nc3 Qd8 9. Be2 O-O 10. O-O Be6 11. Ng5 Bd5 12. Nxd5 Nxd5 13. Qb3 e6 14. Nf3 Nxe3
15. fxe3 Qe7 16. Rac1 Nc6 17. Bb5 Na5 18. Qc3 a6 19. Ba4 b6 20. a3 Qd8 21. b4
Nb7 22. Qc7 Nd6 23. Qxd8 Rfxd8 24. g4 b5 25. Bb3 a5 26. Rc7 axb4 27. axb4 Ra3
28. Nd2 Bh6 29. Rf3 Rc8 30. Rc5 Raa8 31. Kf2 Bf8 32. d5 e5 33. Rc6 Rd8 34. h4
Ra7 35. Ke2 Kg7 36. Rf1 Be7 37. Rh1 e4 38. h5 Kg8 39. Rhc1 Kg7 40. Rc7 Rd7 41.
Rxd7 Rxd7 42. hxg6 hxg6 43. Ra1 Kf6 44. Bc2 Ke5 45. Bb3 Rc7 46. Ra6 Rc1 47. Bd1
Kxd5 48. Ra7 Bh4 49. Nb3 Rc3 50. Nd4 Bg5 51. Nc2 Rd3 52. Rc7 Ke5 53. Rc5+ Kf6
54. Rc6 Ke7 55. Rc5 Kf6 56. Rc6 Kg7 57. Rc5 Kh6 58. Re5 Nc4 59. Rxe4 Rd2+ 60.
Kf3 Rxd1 61. Nd4 Nd2+ 62. Ke2 Nxe4 63. Kxd1 Nf2+ 64. Ke2 Nxg4 65. e4 Be7 66. Nc6
Bd6 67. Na7 Bxb4 68. Nxb5 Ne5 69. Nc7 Bc5 70. Na6 Bd6 71. Ke3 Kg7 72. Kd4 Kf6
73. Kd5 Ke7 0-1